000 00442nam a2200181Ia 4500
001 25325
005 20260414151142.0
008 260414t1999||||xx |||||||||||||| ||spa||
041 _aESP
082 _a346.46L
_bI49
100 _aIndecopi. (Perú)
_eAUT
245 0 _aRecopilación ordenada de las leyes de Indecopi
_b
260 _c1999
300 _a527 páginas :
_c\N
650 _aDER
654 _aCDE
942 _cLIB
_dJUS
_fJUS
_2ddc
_n
999 _c25325
_d25325